| 000 | 00694nam a2200205 i 4500 | ||
|---|---|---|---|
| 001 | 34455 | ||
| 003 | ES-MaACL | ||
| 005 | 20230906154934.0 | ||
| 007 | t| | ||
| 008 | 030207s1985 sp ||||1| spa d | ||
| 020 | _a84-7584-7506-149-4 | ||
| 100 | 1 |
_aBonet Correa, Antonio. _930126 |
|
| 245 | 1 | 3 |
_aLa polémica ingenieros-arquitectos en España, siglo XIX / _cAntonio Bonet Correa, Soledad Lorenzo Fornies, Fátima Miranda Regojo. |
| 260 |
_aMadrid : _bTurner, etc., _c1985. |
||
| 300 |
_a432 p., [8] p. de lám. ; _c21 cm. |
||
| 504 | _aBibliografía. | ||
| 700 | 1 |
_aLorenzo Forniés, Soledad. _974185 |
|
| 700 | 1 |
_aMiranda Regojo, Fátima. _981557 |
|
| 852 |
_aES-MaACL _jL-9127 _bR.110531 |
||
| 999 |
_c34455 _d34455 |
||